The free vibration analysis of rectangular plates
Uložené v:
| Hlavný autor: | |
|---|---|
| Médium: | Kniha |
| Jazyk: | English |
| Vydavateľské údaje: |
New York :
Elsevier,
1982
|
| Tagy: |
Žiadne tagy, Buďte prvý, kto otaguje tento záznam!
|
MARC
| LEADER | 00000nam a22000003a 4500 | ||
|---|---|---|---|
| 001 | stu162023 | ||
| 005 | 20150617225957.6 | ||
| 008 | 080423s1982----xxu-----------------eng-d | ||
| 040 | |a STU |b slo | ||
| 041 | 0 | |a eng | |
| 044 | |a xxu | ||
| 080 | |a 624.1 | ||
| 080 | |a 534.01 |7 stu_us_auth*stu2947 | ||
| 100 | 1 | |a Gorman, Daniel J. |4 aut | |
| 245 | 1 | |a The free vibration analysis of rectangular plates | |
| 260 | |a New York : |b Elsevier, |c 1982 | ||
| 300 | |a XII,324 s | ||
| 996 | |b 284V037942 |c V* 53481/O-24641 |l VVT |s A |a 24 |w stu162023_0002 | ||